Zdroje a limity hospodárskeho rastu

Historická perspektíva problematiky zdrojov ekonomického rastu. Limity ekonomického rastu. Polemika o dostupnosti zdrojov pre hospodársky rast.

Salvato in:
Dettagli Bibliografici
Autore principale: Žúdel, Branislav
Natura: Capitolo di libro
Lingua:slovacco
Soggetti:
Tags: Aggiungi Tag
Nessun Tag, puoi essere il primo ad aggiungerne!!

MARC

LEADER 00000nla$a2200000$$$4500
001 0067468
005 20240502071818.3
041 0 |a slo 
044 |a SK 
245 1 0 |a Zdroje a limity hospodárskeho rastu  |c Branislav Žúdel 
520 |a Historická perspektíva problematiky zdrojov ekonomického rastu. Limity ekonomického rastu. Polemika o dostupnosti zdrojov pre hospodársky rast. 
610 2 0 |a rast hospodársky 
610 2 0 |a teórie ekonomické 
610 2 0 |a história 
610 2 0 |a prostredie životné 
610 2 0 |a entropia 
100 1 |a Žúdel, Branislav